| 000 | 01334nam0a2200325 4500 | ||
|---|---|---|---|
| 001 | RU\NLR\bibl\77285 | ||
| 005 | 20250616102331.0 | ||
| 021 |
_aRU _b1999-51019 _92525 |
||
| 035 | _a(NLR Aleph) 000075446 | ||
| 090 |
_a417981 _c417981 |
||
| 100 | _a20000327d1998 |||y0rusy50 ca | ||
| 101 | 0 |
_arus _deng |
|
| 102 | _aRU | ||
| 105 | _aa ||||||||| | ||
| 200 | 1 |
_aПрограмма расчета температурных полей в твэле сложного профиля методом конечных элементов _fМ.В. Барышников, В.Н. Беспалов |
|
| 210 |
_aМ. _cБ.и. _d1998 |
||
| 215 |
_a[1],31 с. _cил. _d22 |
||
| 225 | 1 |
_aПрепринт _fРос. науч. центр "Курчат. ин-т" _vИАЭ-6118/4 |
|
| 300 | _aРез. ан англ. яз. | ||
| 320 | _aБиблиогр.: с. 29-30 (10 назв.) | ||
| 606 | 0 |
_aЯдерные реакторы _xТопливные элементы _xТепловой расчет на компьютерах _92161408 _3RU\NLR\auth\661300757 |
|
| 686 | _aЗ464.2-042.2-028.3с116 | ||
| 700 | 1 |
_aБарышников _bМ. В. _4070 |
|
| 701 | 1 |
_aБеспалов _bВ. Н. _4070 |
|
| 801 | 0 |
_aRU _bNLR _c20000327 _gPSBO |
|
| 801 | 1 |
_aRU _bNLR _c20000327 |
|
| 852 |
_aNLR _j99-6/1483 |
||
| 942 | _cBOOK | ||
| 980 | _aNB | ||